000
00297nam a22001337a 4500
082
_a
894.812.3
_b
SUD/N
100
_a
SUDHIN,S
245
_a
NJANONNU VITHUMBIYENKIL
250
_a
FIRST
260
_b
MOTHER'S EDUCATIONAL RESEARCH INSTITUTE
300
_a
42
650
_a
STORY
_z
KERALA
942
_c
BK
999
_c
1765
_d
1765